000 00306nam a22001337a 4500
008 181102b xxu||||| |||| 00| 0 eng d
020 _a9780743212410
041 _aeng
080 _a618
100 _a10
101 _aGJIN
245 _aPregnancy Childbirth and the Newborn
_cSimkin, P
942 _2udc
_cBK
999 _c51724
_d51724